Algoritmické obchodovanie s využitím umelej inteligencie

Salvato in:
Dettagli Bibliografici
Autore principale: Zabák, Dávid (Autore)
Altri autori: Drozda, Martin (Relatore della tesi)
Natura: Manoscritto Libro
Lingua:slovacco
Pubblicazione: Bratislava : STU v Bratislave FEI, 2023
Soggetti:
Accesso online:https://opac.crzp.sk/?fn=detailBiblioFormChildECVPM&sid=A5BC586C45F5195261E02FAF963A&seo=CRZP-detail-kniha
Tags: Aggiungi Tag
Nessun Tag, puoi essere il primo ad aggiungerne!!

MARC

LEADER 00000ntm a22000003a 4500
001 stuzp92924
003 SK-STU
005 20241126103405.8
007 ta
008 150427s2015----xo-----f-mn---000-0-slo-d
040 |a STU  |b slo 
041 0 |a slo 
044 |a xo 
100 1 |a Zabák, Dávid  |u 035000  |4 aut  |U FEI Fakulta elektrotechniky a informatiky  |T FEI Ústav informatiky a matematiky  |X 92173  |U E050  |Y 816  |7 92173 
242 0 1 |a Algorithmic stock market trading using artificial intelligence  |y eng 
245 1 0 |a Algoritmické obchodovanie s využitím umelej inteligencie 
260 |a Bratislava :  |b STU v Bratislave FEI,  |c 2023 
650 4 |a burza  |2 slo 
650 4 |a reinforcement learning  |2 slo 
650 4 |a neurónové siete  |2 slo 
650 4 |a predpovedanie vývoja časových radov  |2 slo 
650 4 |a burzové aktíva  |2 slo 
650 4 |a umelá inteligencia  |2 slo 
650 4 |a obchodovanie na burze  |2 slo 
650 4 |a time series predictions  |2 eng 
650 4 |a reinforcement learning  |2 eng 
650 4 |a stocks  |2 eng 
650 4 |a artificial inteligence  |2 eng 
650 4 |a neural networks  |2 eng 
650 4 |a stock market trading  |2 eng 
650 4 |a stock market analysis  |2 eng 
700 1 |a Drozda, Martin  |u 035000  |k Z1  |4 ths  |U FEI Fakulta elektrotechniky a informatiky  |T FEI Ústav informatiky a matematiky  |X 71006  |U E050  |Y 816  |7 A000071006 
856 4 |u https://opac.crzp.sk/?fn=detailBiblioFormChildECVPM&sid=A5BC586C45F5195261E02FAF963A&seo=CRZP-detail-kniha